000 01354cam a2200301 4500
001 M2115
008 090401t1996 xxu||||| |||| 00| 0 eng d
035 _a(Sirsi) u36548
041 _aeng
050 _a526.9
110 _aFederation International Des Geometres
245 _a63rd. PC meeting and international symposium, April 15-19 1996, Buenos Aires, Argentina ... Developing the profession in a developing world.
260 _bFIG
_c1996
300 _a434p. ; 30cm.
350 _a0
520 _aPapers include:- Beyond the block box - acquiring management skills in surveying. - HOOGSTEEDEN, C. / Quality frameworks as a basis for diagnosis and enhancement in higher education institutions. - MORGAN, P. / Modern methods of waterway surveying. - GREENLAND, A.J. / Environmental impact of land reform into the 21st century. - BULLARD, R. / Land management skills in the process of transition: meeting the challenges. - MUNRO-FAURE, P. / The role of valuation and facilities management. - YUAN, L.L.
650 _aAPPRAISAL
650 _aCADASTRE
650 _aCAREERS, EDUCATION AND TRAINING
650 _aEnvironment
_96238
650 _aFACILITIES MANAGEMENT
_96240
650 _aLAND MANAGEMENT
650 _aPLANNING
650 _aSUSTAINABLE DEVELOPMENT
690 _aLAND SURVEYING
942 _n0
948 _c04/03/1997
999 _c90325
_d90325